Amor y muerte en los dibujos de Picasso (Record no. 73353)

MARC details
000 -LEADER
campo de control de longitud fija 01018nam a2200289 i 4500
001 - NÚMERO DE CONTROL
campo de control 73353
003 - IDENTIFICADOR DE NÚMERO DE CONTROL
campo de control ES-MaACL
005 - FECHA Y HORA DE LA ÚLTIMA TRANSACCIÓN
campo de control 20240410214734.0
007 - CAMPO FIJO DE DESCRIPCIÓN FÍSICA--INFORMACIÓN GENERAL
campo de control de longitud fija t|
008 - DATOS DE LONGITUD FIJA--INFORMACIÓN GENERAL
campo de control de longitud fija 040929s1991 sp ||||0| spa j
020 ## - NÚMERO INTERNACIONAL ESTÁNDAR DEL LIBRO
Número Internacional Estándar del Libro 84-87035-36-1
040 ## - FUENTE DE CATALOGACIÓN
Centro catalogador/agencia de origen M-BN
Lengua de catalogación spa
Centro/agencia transcriptor M-BN
080 ## - NÚMERO DE LA CLASIFICACIÓN DECIMAL UNIVERSAL
Número de la Clasificación Decimal Universal 75 Picasso, Pablo
100 1# - ENTRADA PRINCIPAL--NOMBRE DE PERSONA
Nombre de persona Zambrano, María,
Fechas asociadas al nombre 1904-1991
9 (RLIN) 117914
245 10 - MENCIÓN DEL TÍTULO
Título Amor y muerte en los dibujos de Picasso
Resto del título : 1952 ; Picasso en Roma : 1960 /
Mención de responsabilidad, etc. María Zambrano.
260 ## - PUBLICACIÓN, DISTRIBUCIÓN, ETC.
Lugar de publicación, distribución, etc. [Málaga] :
Nombre del editor, distribuidor, etc. Fundación Pablo Ruiz Picasso :
-- Ayuntamiento de Málaga,
Fecha de publicación, distribución, etc. [1991]
300 ## - DESCRIPCIÓN FÍSICA
Extensión 25 p. :
Otras características físicas 1 retr. ;
Dimensiones 28 cm.
490 1# - MENCIÓN DE SERIE
Mención de serie Escritos y poemas ;
Designación de volumen o secuencia 16
600 14 - PUNTO DE ACCESO ADICIONAL DE MATERIA--NOMBRE DE PERSONA
Nombre de persona Picasso, Pablo,
Fechas asociadas al nombre 1881-1973
9 (RLIN) 91794
700 1# - ENTRADA AGREGADA--NOMBRE PERSONAL
Nombre de persona Zambrano, María, 1904-1991.
Título de la obra Picasso en Roma
9 (RLIN) 117919
710 2# - ENTRADA AGREGADA--NOMBRE DE ENTIDAD CORPORATIVA
Nombre de entidad corporativa o nombre de jurisdicción como elemento de entrada Fundación Picasso.
9 (RLIN) 4377
710 1# - ENTRADA AGREGADA--NOMBRE DE ENTIDAD CORPORATIVA
Nombre de entidad corporativa o nombre de jurisdicción como elemento de entrada Málaga.
Unidad subordinada Ayuntamiento.
9 (RLIN) 5634
740 0# - ENTRADA AGREGADA--TÍTULO RELACIONADO/ANALÍTICO NO CONTROLADO
Título relacionado o analítico no controlado Picasso en Roma.
830 0# - PUNTO DE ACCESO ADICIONAL DE SERIE-TÍTULO UNIFORME
Título uniforme Escritos y poemas ;
Designación de volumen o secuencia 16
9 (RLIN) 183401
852 ## - LOCALIZACIÓN
Ubicación ES-MaACL
Número de control de estantería 2182-F-19
Sublocalización o colección R.123561
Holdings
Estatus retirado Estado de pérdida Estado de daño No para préstamo Colección Biblioteca de origen Biblioteca actual Ubicación en estantería Fecha de adquisición Fuente de adquisición Total de préstamos Signatura topográfica completa Código de barras Visto por última vez Precio de reemplazo Tipo de ítem Koha
        Colección de folletos Biblioteca del Ateneo de Madrid Biblioteca del Ateneo de Madrid Depósito folletos 17/01/2008     2182-F-19 1076784 23/02/2023 23/02/2023 Folleto